Akta Undang-undang Keluarga Islam(Wilayah-wilayah Persekutuan)1984(Akta 303)
| Format: | Book |
|---|---|
| Published: |
Kuala Lumpur :
ILBS ,
1995
|
| Series: | Undang-Undang Malaysia
|
| Subjects: |
MARC
| LEADER | 00000cam a2200000 7i4500 | ||
|---|---|---|---|
| 001 | 0000009111 | ||
| 002 | 000009923 | ||
| 005 | 20161214.0 | ||
| 020 | |a 9678906880 | ||
| 090 | 0 | 0 | |a 340.89 |b MAL |
| 240 | 0 | 0 | |a Laws, etc |
| 245 | 0 | 0 | |a Akta Undang-undang Keluarga Islam(Wilayah-wilayah Persekutuan)1984(Akta 303) |
| 260 | |a Kuala Lumpur : |b ILBS , |c 1995 | ||
| 300 | |a 73p. ; |c 24cm. | ||
| 490 | 0 | |a Undang-Undang Malaysia | |
| 500 | |a Hingga 15hb Mac 1995 | ||
| 650 | 0 | 0 | |a Act 303 |
| 650 | 0 | 0 | |a Domestic relations |z Malaysia |
| 999 | |a 048567 |b BUKU |c AKTA |e PERPUSTAKAAN KOMUNITI PETALING JAYA | ||